00635cam a2200217 4500001001300000003000400013005001700017008004100034010001700075025001900092040001800111050002400129082003400153110002800187245006100215250001100276260002200287300003800309650005300347999001700400sa 68012025 DLC20260227112606.0691014s1965 pk k 000 0 eng  asa 68012025  aPL480:P-E-1118 aDLCcDLCdDLC00aKPL2772b.S728 196500a343.549/1032a345.49103322192 aState Bank of Pakistan.10aExchange control manual, corr. upto 31st December, 1965. a3d ed. a[Karachi?]c1965. a1 v. (loose-leaf)bforms.c29 cm. 0aForeign exchangexLaw and legislationzPakistan. c84254d84254